Rural development reforms / (Record no. 17079)

MARC details
000 -LEADER
fixed length control field 00846 aa a2200229 4500
008 - FIXED-LENGTH DATA ELEMENTS--GENERAL INFORMATION
fixed length control field 081020t xxu||||| |||| 00| 0 eng d
010 ## - LIBRARY OF CONGRESS CONTROL NUMBER
LC control number ENG-84113
020 ## - INTERNATIONAL STANDARD BOOK NUMBER
International Standard Book Number 8176298808
020 ## - INTERNATIONAL STANDARD BOOK NUMBER
Terms of availability 650.00 (hb)
035 ## - SYSTEM CONTROL NUMBER
System control number EN-67646
082 ## - DEWEY DECIMAL CLASSIFICATION NUMBER
Classification number 307.1412
245 ## - TITLE STATEMENT
Title Rural development reforms /
Statement of responsibility, etc edited by S B Verma, Umesh Prasad Singh and Shiw Kumar Jiloka
260 ## - PUBLICATION, DISTRIBUTION, ETC. (IMPRINT)
Place of publication, distribution, etc New Delhi
Name of publisher, distributor, etc Deep and Deep Publications
260 ## - PUBLICATION, DISTRIBUTION, ETC. (IMPRINT)
Date of publication, distribution, etc 2006
300 ## - PHYSICAL DESCRIPTION
Extent xvii,312p
Dimensions 22cm
500 ## - GENERAL NOTE
General note Includes bibliographical references and index
700 ## - ADDED ENTRY--PERSONAL NAME
Personal name Jiloka, Shiw Kumar
Titles and other words associated with a name ed
700 ## - ADDED ENTRY--PERSONAL NAME
Personal name Singh, Umesh Kumar
Titles and other words associated with a name ed
700 ## - ADDED ENTRY--PERSONAL NAME
Personal name Verma, S B
Titles and other words associated with a name ed
942 ## - ADDED ENTRY ELEMENTS (KOHA)
Source of classification or shelving scheme Dewey Decimal Classification
Koha item type English Books
Classification part 307.1412
Call number suffix RUR
Holdings
Withdrawn status Lost status Source of classification or shelving scheme Damaged status Not for loan Home library Current library Date acquired Cost, normal purchase price Total Checkouts Full call number Barcode Date last seen Copy number Cost, replacement price Price effective from Koha item type
    Dewey Decimal Classification   Not For Loan D.B.Act.Division D.B.Act.Division 26/02/2007 650.00   307.1412 RUR EN-67646 21/10/2008 1 650.00 21/10/2008 English Books

© Delhi Public Library
Hit Counter
free hit counter